000 00297nam a22001217a 4500
999 _c12907
_d12907
008 211227b ||||| |||| 00| 0 eng d
110 _95184
_aHMSO
245 1 0 _aSurvey of life saving appliances, Vol.1
260 _aLondon:
_bHMSO,
_cc
300 _ax
650 0 _aMarine Engineering
942 _cBK